| 000 | 00400pam a2200145a 44500 | ||
|---|---|---|---|
| 008 | 230405s2017 xxu||||| |||| 00| 0 eng d | ||
| 041 | _aENG | ||
| 100 | _aDATTA N K | ||
| 245 | _aFUNDAMENTALS OF BIOSTATISTIES : PRACTICAL APPROCH | ||
| 250 | _a2002 Ed. | ||
| 260 |
_aNEW DELHI _bKANISHKA PUB _c2017 |
||
| 300 | _a472p. | ||
| 440 | _aUNIVERSAL BOOK STOLL, PUNE, B-142, DT-16/09/2003 | ||
| 906 | _a481 | ||
| 999 |
_c289359 _d289359 |
||